Calciatori e Anno di nascita - Quiz n°20 - Statistics

Statistiche generali
  • Questo quiz è stato fatto 18 volte
  • Il punteggio medio è 3 su 10
Statistiche sulle risposte
Hint Risposta % Corretto
Mario Pašalić 1995
59%
Emerson Palmieri 1994
53%
Gianpaolo Pazzini 1984
47%
Davide Zappacosta 1992
41%
Tim Howard 1979
35%
Emre Can 1994
35%
Shunsuke Nakamura 1978
29%
Anthony Lopes 1990
24%
Gaby Mudingayi 1981
12%
Petr Čech 1982
12%
Nessun quiz corrispondente trovato
Distribuzione punteggi
Percentuale di utenti per punteggio
Percentile per numero di risposta
I tuoi punteggi nel tempo
Non hai fatto questo quiz